<?xml version="1.0" encoding="UTF-8"?>
<record
    xmlns:xsi="http://www.w3.org/2001/XMLSchema-instance"
    xsi:schemaLocation="http://www.loc.gov/MARC21/slim http://www.loc.gov/standards/marcxml/schema/MARC21slim.xsd"
    xmlns="http://www.loc.gov/MARC21/slim">

  <leader>00621nam a22001337a 4500</leader>
  <datafield tag="040" ind1=" " ind2=" ">
    <subfield code="c">RUA</subfield>
  </datafield>
  <datafield tag="082" ind1=" " ind2=" ">
    <subfield code="a">AGR KOE 2016 B568 Or.1</subfield>
  </datafield>
  <datafield tag="100" ind1=" " ind2=" ">
    <subfield code="a">KOEM SOKUN,&#x1780;&#x17B9;&#x1798; &#x179F;&#x17BB;&#x1782;&#x17BB;&#x1793;&#x17D2;&#x1792;</subfield>
  </datafield>
  <datafield tag="245" ind1=" " ind2=" ">
    <subfield code="a">comparison of different rates of 15-15-15 fertilizer on tomato (lycopersicom esculentuum),&#x1794;&#x17D2;&#x179A;&#x17C0;&#x1794;&#x1792;&#x17C0;&#x1794;&#x1780;&#x1798;&#x17D2;&#x179A;&#x17B7;&#x178F;&#x1787;&#x17B8;&#x17E1;&#x17E5;-&#x17E1;&#x17E5;-&#x17E1;&#x17E5;&#x200B; &#x1781;&#x17BB;&#x179F;&#x17D7;&#x1782;&#x17D2;&#x1793;&#x17B6;&#x1791;&#x17C5;&#x179B;&#x17BE;&#x178A;&#x17C6;&#x178E;&#x17B6;&#x17C6;&#x1794;&#x17C9;&#x17C1;&#x1784;&#x1794;&#x17C9;&#x17C4;&#x17C7;</subfield>
  </datafield>
  <datafield tag="260" ind1=" " ind2=" ">
    <subfield code="a">phnom penh</subfield>
    <subfield code="b">RUA</subfield>
    <subfield code="c">2016</subfield>
  </datafield>
  <datafield tag="300" ind1=" " ind2=" ">
    <subfield code="a">xi;38p;</subfield>
    <subfield code="b">ill;</subfield>
    <subfield code="c">29cm;</subfield>
  </datafield>
  <datafield tag="856" ind1=" " ind2=" ">
    <subfield code="u">https://drive.google.com/file/d/1mn5dNkNosCDVT7ONJyYU48B_2Rvgc0um/view?usp=sharing</subfield>
  </datafield>
  <datafield tag="942" ind1=" " ind2=" ">
    <subfield code="c">AGR</subfield>
  </datafield>
  <datafield tag="999" ind1=" " ind2=" ">
    <subfield code="c">13186</subfield>
    <subfield code="d">13186</subfield>
  </datafield>
  <datafield tag="952" ind1=" " ind2=" ">
    <subfield code="0">0</subfield>
    <subfield code="1">0</subfield>
    <subfield code="2">ddc</subfield>
    <subfield code="4">0</subfield>
    <subfield code="6">AGR_KOE_2016_000000000000000_B568_OR_1</subfield>
    <subfield code="7">0</subfield>
    <subfield code="9">63524</subfield>
    <subfield code="a">LBB</subfield>
    <subfield code="b">LBB</subfield>
    <subfield code="c">B568</subfield>
    <subfield code="d">2017-08-21</subfield>
    <subfield code="l">2</subfield>
    <subfield code="m">1</subfield>
    <subfield code="o">AGR KOE 2016 B568 Or.1</subfield>
    <subfield code="p">A25944</subfield>
    <subfield code="r">2018-10-30</subfield>
    <subfield code="s">2018-03-27</subfield>
    <subfield code="w">2017-08-21</subfield>
    <subfield code="y">AGR</subfield>
  </datafield>
  <datafield tag="952" ind1=" " ind2=" ">
    <subfield code="0">0</subfield>
    <subfield code="1">0</subfield>
    <subfield code="2">ddc</subfield>
    <subfield code="4">0</subfield>
    <subfield code="6">AGR_KOE_2016_000000000000000_B568_OR_2</subfield>
    <subfield code="7">0</subfield>
    <subfield code="9">63525</subfield>
    <subfield code="a">LBB</subfield>
    <subfield code="b">LBB</subfield>
    <subfield code="c">B568</subfield>
    <subfield code="d">2017-08-21</subfield>
    <subfield code="o">AGR KOE 2016 B568 Or.2</subfield>
    <subfield code="p">A25969</subfield>
    <subfield code="r">2017-08-21</subfield>
    <subfield code="w">2017-08-21</subfield>
    <subfield code="y">AGR</subfield>
  </datafield>
  <datafield tag="952" ind1=" " ind2=" ">
    <subfield code="0">0</subfield>
    <subfield code="1">0</subfield>
    <subfield code="2">ddc</subfield>
    <subfield code="4">0</subfield>
    <subfield code="6">AGR_KOE_2016_000000000000000_B568_OR_3</subfield>
    <subfield code="7">0</subfield>
    <subfield code="9">63526</subfield>
    <subfield code="a">LBB</subfield>
    <subfield code="b">LBB</subfield>
    <subfield code="c">B568</subfield>
    <subfield code="d">2017-08-21</subfield>
    <subfield code="l">1</subfield>
    <subfield code="o">AGR KOE 2016 B568 Or.3</subfield>
    <subfield code="p">A25984</subfield>
    <subfield code="r">2017-11-20</subfield>
    <subfield code="s">2017-10-27</subfield>
    <subfield code="w">2017-08-21</subfield>
    <subfield code="y">AGR</subfield>
  </datafield>
  <datafield tag="952" ind1=" " ind2=" ">
    <subfield code="0">0</subfield>
    <subfield code="1">0</subfield>
    <subfield code="2">ddc</subfield>
    <subfield code="4">0</subfield>
    <subfield code="6">AGR_KOE_2016_000000000000000_B568_OR_4</subfield>
    <subfield code="7">0</subfield>
    <subfield code="9">63527</subfield>
    <subfield code="a">LBB</subfield>
    <subfield code="b">LBB</subfield>
    <subfield code="c">B568</subfield>
    <subfield code="d">2017-08-21</subfield>
    <subfield code="l">2</subfield>
    <subfield code="o">AGR KOE 2016 B568 Or.4</subfield>
    <subfield code="p">A26049</subfield>
    <subfield code="r">2019-06-21</subfield>
    <subfield code="s">2019-06-12</subfield>
    <subfield code="w">2017-08-21</subfield>
    <subfield code="y">AGR</subfield>
  </datafield>
  <datafield tag="952" ind1=" " ind2=" ">
    <subfield code="0">0</subfield>
    <subfield code="1">0</subfield>
    <subfield code="2">ddc</subfield>
    <subfield code="4">0</subfield>
    <subfield code="6">AGR_KOE_2016_000000000000000_B568_OR_5</subfield>
    <subfield code="7">0</subfield>
    <subfield code="9">63528</subfield>
    <subfield code="a">LBB</subfield>
    <subfield code="b">LBB</subfield>
    <subfield code="c">B568</subfield>
    <subfield code="d">2017-08-21</subfield>
    <subfield code="o">AGR KOE 2016 B568 Or.5</subfield>
    <subfield code="p">A25986</subfield>
    <subfield code="r">2017-08-21</subfield>
    <subfield code="w">2017-08-21</subfield>
    <subfield code="y">AGR</subfield>
  </datafield>
  <datafield tag="952" ind1=" " ind2=" ">
    <subfield code="0">0</subfield>
    <subfield code="1">0</subfield>
    <subfield code="2">ddc</subfield>
    <subfield code="4">0</subfield>
    <subfield code="6">AGR_KOE_2016_000000000000000_B568_OR_6</subfield>
    <subfield code="7">0</subfield>
    <subfield code="9">63529</subfield>
    <subfield code="a">LBB</subfield>
    <subfield code="b">LBB</subfield>
    <subfield code="c">B568</subfield>
    <subfield code="d">2017-08-21</subfield>
    <subfield code="o">AGR KOE 2016 B568 Or.6</subfield>
    <subfield code="p">A25917</subfield>
    <subfield code="r">2017-08-21</subfield>
    <subfield code="w">2017-08-21</subfield>
    <subfield code="y">AGR</subfield>
  </datafield>
  <datafield tag="952" ind1=" " ind2=" ">
    <subfield code="0">0</subfield>
    <subfield code="1">0</subfield>
    <subfield code="2">ddc</subfield>
    <subfield code="4">0</subfield>
    <subfield code="6">AGR_KOE_2016_000000000000000_B568_OR_7</subfield>
    <subfield code="7">0</subfield>
    <subfield code="9">63530</subfield>
    <subfield code="a">LBB</subfield>
    <subfield code="b">LBB</subfield>
    <subfield code="c">B568</subfield>
    <subfield code="d">2017-08-21</subfield>
    <subfield code="l">1</subfield>
    <subfield code="o">AGR KOE 2016 B568 Or.7</subfield>
    <subfield code="p">A26302</subfield>
    <subfield code="r">2019-11-27</subfield>
    <subfield code="s">2019-11-16</subfield>
    <subfield code="w">2017-08-21</subfield>
    <subfield code="y">AGR</subfield>
  </datafield>
  <datafield tag="952" ind1=" " ind2=" ">
    <subfield code="0">0</subfield>
    <subfield code="1">0</subfield>
    <subfield code="2">ddc</subfield>
    <subfield code="4">0</subfield>
    <subfield code="6">AGR_KOE_2016_000000000000000_B568_OR_8</subfield>
    <subfield code="7">0</subfield>
    <subfield code="9">63531</subfield>
    <subfield code="a">LBB</subfield>
    <subfield code="b">LBB</subfield>
    <subfield code="c">B568</subfield>
    <subfield code="d">2017-08-21</subfield>
    <subfield code="l">7</subfield>
    <subfield code="o">AGR KOE 2016 B568 Or.8</subfield>
    <subfield code="p">A25842</subfield>
    <subfield code="r">2019-11-16</subfield>
    <subfield code="s">2019-11-16</subfield>
    <subfield code="w">2017-08-21</subfield>
    <subfield code="y">AGR</subfield>
  </datafield>
</record>
